Meilleurs buteurs de la Ligue des Champions. - Statistiques

Statistiques générales
  • Ce quiz a été pris 576 fois
  • Le résultat moyen est 10 sur 20
Statistiques - réponses
Nombres de buts Réponse % Correct
141 buts Cristiano Ronaldo
100%
125 buts Lionel Messi
100%
86 buts Karim Benzema
93%
89 buts Robert Lewandowski
80%
41 buts Neymar Jr
77%
51 buts Thierry Henry
67%
71 buts Raùl
64%
49 buts Zlatan Ibrahimovic
60%
52 buts Thomas Müller
54%
44 buts Didier Drogba
46%
47 buts Sergio Aguero
42%
39 buts Mohammed Salah
39%
60 buts Ruud Van Nistelrooy
33%
50 buts Filippo Inzaghi
30%
59 buts Andriy Shevchenko
28%
49 buts Alfredo Di Stefano
25%
44 buts Alessandro Del Piero
24%
35 buts Ferenc Puskas
19%
47 buts Eusebio
14%
39 buts Fernando Morientes
10%
Aucun quiz correspondant
Distribution des résultats
% des personnes avec chaque résultat
Percentile par nombre de réponses
Votre historique - résultats
Vous n’avez pas pris ce quiz